000 00320nam a2200109Ia 4500
008 171211s9999 xx 000 0 und d
245 _a7-Day Detox Diet Plan: Change Your Eating Habits for Life
245 _cLesley Ellis
260 _c2000
650 _xCOOKBOOKS
856 _uhttp://down.ebook777.com/062/0572025661.pdf
999 _c348150
_d348150